00762 2200265 4500001002100000005001700021008004100038020002200079035002500101040001200126082001600138084001800154100002400172245009300196250001100289260003300300300002300333504002600356650002100382700002400403850001200427990001800439990002100457990001800478INLIS00000000001258820150912115224.0  a978-602-7641-33-4 a0010-091500000001101 aYOPDYOG 223a297.246 a297.246 Mas M aMASKYUR Arif Rahman aMisteri sobeknya baju Nabi Yusuf As.c/ Maskyur Arif Rahman; Editor, Abdul Azid Muttaqin aCet. 1 aJogjakartabDiva Pressc2012 a187 hlm.c; 20 cm. aBibliografi: hlm. 187 aCerita Nabi-Nabi aABDUL Azid Muttaqin aYOPDYOG a50639-PD/A.15 aCB-D.11/2012-767 a50639-PD/A.15